Vincitori Premio per il miglior arrangiamento del Festival di Sanremo - Statistics

Statistiche generali
  • Questo quiz è stato fatto 27 volte
    23 dall'ultimo reset
  • Il punteggio medio è 10 su 12
Statistiche sulle risposte
Anno Vincitore Premio per il miglior arrangiamento Canzone vincitrice % Corretto
2013 Elio e le Storie Tese La canzone mononota
100%
2015 Nek Fatti avanti amore
100%
2024 Angelina Mango La noia
93%
2023 Marco Mengoni Due vite
93%
2016 Stadio Un giorno mi dirai
93%
2022 Elisa O forse sei tu
86%
2021 Ermal Meta Un milione di cose da dirti
86%
2017 Al Bano Di rose e di spine
79%
2018 Max Gazzè La leggenda di Cristalda e Pizzomunno
79%
2019 Simone Cristicchi Abbi cura di me
64%
2020 Tosca Ho amato tutto
64%
2014 Renzo Rubino Per sempre e poi basta
57%
Nessun quiz corrispondente trovato
Distribuzione punteggi
Percentuale di utenti per punteggio
Percentile per numero di risposta
I tuoi punteggi nel tempo
Non hai fatto questo quiz dall'ultimo reset